ELECTRONIC COMMERCE 2002 : (Registro nro. 45142)
[ vista simple ]
| 000 -LEADER | |
|---|---|
| fixed length control field | 01083nam a2200181 a 4500 |
| 001 - CONTROL NUMBER | |
| control field | 45142 |
| 005 - DATE AND TIME OF LATEST TRANSACTION | |
| control field | 20180714024234.0 |
| 008 - FIXED-LENGTH DATA ELEMENTS--GENERAL INFORMATION | |
| fixed length control field | 140415s2002 000 0 eng d |
| 020 ## - INTERNATIONAL STANDARD BOOK NUMBER | |
| International Standard Book Number | 0130653012 |
| 041 ## - LANGUAGE CODE | |
| Language code of text/sound track or separate title | eng |
| 082 ## - DEWEY DECIMAL CLASSIFICATION NUMBER | |
| Classification number | 658.84 |
| Item number | ELE |
| 245 00 - TITLE STATEMENT | |
| Title | ELECTRONIC COMMERCE 2002 : |
| Remainder of title | A MANAGERIAL PERSPECTIVE |
| 250 ## - EDITION STATEMENT | |
| Edition statement | 2a ed. |
| 260 ## - PUBLICATION, DISTRIBUTION, ETC. | |
| Place of publication, distribution, etc. | [s.l.] : |
| Name of publisher, distributor, etc. | PEARSON EDUCATION, |
| Date of publication, distribution, etc. | 2002 |
| 300 ## - PHYSICAL DESCRIPTION | |
| Extent | 914 |
| Dimensions | x 21 x 26 |
| 520 ## - SUMMARY, ETC. | |
| Summary, etc. | ELECTRONIC COMERCE (EC) DESCRIBE LA MENERA EN LA CUAL LAS TRANSACCIONES TOMA EL LUGAR SOBRE LA RED , QUE EN SU MAYOR PARTE ES EL INTERNET. ESTO ES EL PROCESO DE VENDER Y COMPRAR ELECTRONICAMENTE BIEN, SERVICIOS Y INFORMACION CIERTAMENTE ELECTRONICA Y COMERCIO EN LAS APLICACIONES DE ESTE TIPO ESTA COMPRANDO Y VENDIENDO LA EXIXTECIA O SURTIENDO SOBRE EL INTERNET, ESTA CRECIENDO EN GRAN MEDIDA DE VARIOS CIENTOS POR CIENTO CADA AÑO EC PODRIA TENER UN IMPACTO DE UNA GRAN PORCION EN EL MUND |
| 650 14 - SUBJECT ADDED ENTRY--TOPICAL TERM | |
| Topical term or geographic name entry element | COMERCIO (ELECTRONICO) |
| General subdivision | COMERCIO ELECTRNICO |
| -- | ADMINISTRACIN |
| -- | TECNOLOGA DE LA INFORMACIN |
| -- | ADMINISTRACIN |
| -- | EMPRESAS |
| -- | REDES DE COMPUTADORES |
| Withdrawn status | Lost status | Source of classification or shelving scheme | Damaged status | Not for loan | Collection code | Home library | Current library | Shelving location | Date acquired | Source of acquisition | Inventory number | Total Checkouts | Full call number | Barcode | Date last seen | Date last checked out | Price effective from | Koha item type | Total Renewals |
|---|---|---|---|---|---|---|---|---|---|---|---|---|---|---|---|---|---|---|---|
| Dewey Decimal Classification | General | Biblioteca Karol Wojtyla | Biblioteca Karol Wojtyla | Sala general | 03/12/2013 | Compra | 151000000000000000030031 | 1 | 658.84 ELE | 67878 | 05/01/2026 | 20/02/2020 | 03/12/2013 | Libro | |||||
| Dewey Decimal Classification | General | Biblioteca Karol Wojtyla | Biblioteca Karol Wojtyla | Sala general | 03/12/2013 | Compra | 151000000000000000030030 | 3 | 658.84 ELE | 67877 | 05/01/2026 | 20/02/2020 | 03/12/2013 | Libro | 1 |